000 00711nam a2200205 u 4500
001 000272124
003 AM-YeHGA
005 20250618071807.0
008 031015s1901 gs |||||||||||||||||arm|c
040 _aAM-YeHGA
041 0 _aarm
245 0 0 _aՎտակ :
_bԳրական - բանասիրական ժողովածու /
_cԽմբ.՝ Վ. Փափազեան.
260 _aԹիֆլիս :
_bՏպարան Կ. Մարտիրոսեանցի,
_c1901.
300 _a419 էջ
500 _aԳրիգոր Ջանշեանի յիշատակին
650 1 4 _aՀայ գրականություն
700 1 _aՓափազյան, Վրթանես Մեսրոպի,
_d1866-1920
_eխմբ.
_4edt
_91606
942 _2udc
_cBK
090 _c99964
999 _c98653
_d98653